RF and Microwave Oscillator Design (Record no. 248302)

000 -LEADER
fixed length control field 00288 a2200121 4500
001 - CONTROL NUMBER
control field 13229
082 ## - DEWEY DECIMAL CLASSIFICATION NUMBER
Classification number 621.38412 ODY
090 ## - LOCALLY ASSIGNED LC-TYPE CALL NUMBER (OCLC); LOCAL CALL NUMBER (RLIN)
-- 10223
-- 10223
100 ## - MAIN ENTRY--PERSONAL NAME
Personal name Odyniec, M
245 ## - TITLE STATEMENT
Title RF and Microwave Oscillator Design
260 ## - PUBLICATION, DISTRIBUTION, ETC.
Place of publication, distribution, etc. london
Name of publisher, distributor, etc. Artech House
Date of publication, distribution, etc. 2002
300 ## - PHYSICAL DESCRIPTION
Extent xv, 398
942 ## - ADDED ENTRY ELEMENTS (KOHA)
Institution code [OBSOLETE] NUST-CAE
Call number prefix 621.38412 ODY
Holdings
Withdrawn status Lost status Damaged status Not for loan Collection code Permanent Location Current Location Date acquired Total Checkouts Full call number Barcode Date last seen Price effective from Koha item type
          College of Aeronautical Engineering (CAE) College of Aeronautical Engineering (CAE) 04/03/2017   621.38412 ODY CAEN-3235 04/05/2017 04/05/2017 Book
© 2023 Central Library, National University of Sciences and Technology. All Rights Reserved.